000 00751nam a2200265Ia 4500
005 20260121172040.0
008 008 260114s9999 xx 000 0 eng d
020 _a9789811544583
037 _aEBOOK
040 _aCRL
040 _beng
040 _cCRL
041 _2eng
041 _aeng
084 _qCRL
100 _aAlexandros Gasparatos, Abubakari Ahmed, Merle Naidoo, Alice Karanja, Kensuke Fukushi, Osamu Saito, Kazuhiko Takeuchi
_91083657
245 0 _aSustainability Challenges in Sub-Saharan Africa I
260 _bSpringer
260 _bSpringer
260 _c2020
856 _uhttps://link.springer.com/openurl?genre=book&isbn=978-981-15-4458-3
942 _cEBOOK
999 _c1649391
_d1649391